Hide and Seek - Countries #24 - Statistics

General Stats
  • This quiz has been taken 19 times
  • The average score is 5 of 8
Answer Stats
Answer % Correct
United States
100%
United Kingdom
89%
United Arab Emirates
84%
Uruguay
58%
Uganda
53%
Uzbekistan
53%
They all start with the letter U.
42%
Ukraine
32%
No matching quizzes found
Score Distribution
Percent of People with Each Score
Percentile by Number Answered
Your Score History
You have not taken this quiz